000 00284nam a22001337a 4500
008 181217b xxu||||| |||| 00| 0 eng d
020 _a9780883850978
041 _aeng
080 _a510
100 _a37
101 _aMAT
245 _aVita Mathematica
_cRonald.C
942 _2udc
_cBK
999 _c53203
_d53203